MARC details
| 000 -LEADER |
| fixed length control field |
01777cam a2200481 i 4500 |
| 001 - CONTROL NUMBER |
| control field |
200468098 |
| 003 - CONTROL NUMBER IDENTIFIER |
| control field |
TR-AnTOB |
| 005 - DATE AND TIME OF LATEST TRANSACTION |
| control field |
20260414094137.0 |
| 007 - PHYSICAL DESCRIPTION FIXED FIELD--GENERAL INFORMATION |
| fixed length control field |
ta |
| 008 - FIXED-LENGTH DATA ELEMENTS--GENERAL INFORMATION |
| fixed length control field |
260414s1961 maua 000 1 eng d |
| 010 ## - LIBRARY OF CONGRESS CONTROL NUMBER |
| LC control number |
2002522680 |
| 035 ## - SYSTEM CONTROL NUMBER |
| System control number |
(CLU)967938-ucladb-Voyager |
|
| System control number |
(OCoLC)02159977 |
|
| System control number |
(OCoLC)ocm02159977 |
|
| System control number |
(EXLNZ-01UCS_NETWORK)9912757766606531 |
|
| System control number |
(TR-AnTOB)200468098 |
| 040 ## - CATALOGING SOURCE |
| Original cataloging agency |
KLG |
| Language of cataloging |
eng |
| Description conventions |
rda |
| Transcribing agency |
DLC |
| Modifying agency |
KLG |
| -- |
OCLCQ |
| -- |
BTCTA |
| -- |
OCLCG |
| -- |
OCLCQ |
| -- |
OCLCO |
| -- |
KLD |
| -- |
OCLCF |
| -- |
OCLCO |
| -- |
OCLCQ |
| -- |
OCLCO |
| -- |
OCLCA |
| -- |
PAU |
| -- |
OCLCQ |
| -- |
OCLCA |
| -- |
OCLCQ |
| -- |
OCLCO |
| -- |
OCLCL |
| -- |
OKT |
| -- |
OCLCQ |
| -- |
TR-AnTOB |
| 041 0# - LANGUAGE CODE |
| Language code of text/sound track or separate title |
İngilizce |
| 043 ## - GEOGRAPHIC AREA CODE |
| Geographic area code |
n-us-nb |
| 050 00 - LIBRARY OF CONGRESS CALL NUMBER |
| Classification number |
PS3505.A87 |
| Item number |
M8 1961 |
| 090 ## - LOCALLY ASSIGNED LC-TYPE CALL NUMBER (OCLC); LOCAL CALL NUMBER (RLIN) |
| Classification number (OCLC) (R) ; Classification number, CALL (RLIN) (NR) |
PS3505.A87 |
| Local cutter number (OCLC) ; Book number/undivided call number, CALL (RLIN) |
M8 1961 |
| 100 1# - MAIN ENTRY--PERSONAL NAME |
| Personal name |
Cather, Willa, |
| Dates associated with a name |
1873-1947 |
| Relator term |
author |
| Relator code |
aut |
| 9 (RLIN) |
153515 |
| 245 10 - TITLE STATEMENT |
| Title |
My Ántonia / |
| Statement of responsibility, etc. |
by Willa Cather ; with illustrations by W.T. Benda. |
| 250 ## - EDITION STATEMENT |
| Edition statement |
Sentry edition. |
| 264 #1 - PRODUCTION, PUBLICATION, DISTRIBUTION, MANUFACTURE, AND COPYRIGHT NOTICE |
| Place of production, publication, distribution, manufacture |
Boston : |
| Name of producer, publisher, distributor, manufacturer |
Houghton Mifflin, |
| Date of production, publication, distribution, manufacture, or copyright notice |
1961. |
| 300 ## - PHYSICAL DESCRIPTION |
| Extent |
371 pages : |
| Other physical details |
illustrations ; |
| Dimensions |
21 cm |
| 336 ## - CONTENT TYPE |
| Content type term |
text |
| Content type code |
txt |
| Source |
rdacontent |
| 337 ## - MEDIA TYPE |
| Media type term |
unmediated |
| Media type code |
n |
| Source |
rdamedia |
| 338 ## - CARRIER TYPE |
| Carrier type term |
volume |
| Carrier type code |
nc |
| Source |
rdacarrier |
| 650 #0 - SUBJECT ADDED ENTRY--TOPICAL TERM |
| Topical term or geographic name entry element |
Women immigrants |
| Form subdivision |
Fiction |
| 9 (RLIN) |
153632 |
|
| Topical term or geographic name entry element |
Farmers' spouses |
| Form subdivision |
Fiction |
| 9 (RLIN) |
153633 |
|
| Topical term or geographic name entry element |
Czech Americans |
| Form subdivision |
Fiction |
| 9 (RLIN) |
153634 |
|
| Topical term or geographic name entry element |
Women pioneers |
| Form subdivision |
Fiction |
| 9 (RLIN) |
153635 |
|
| Topical term or geographic name entry element |
Married women |
| Form subdivision |
Fiction |
| 9 (RLIN) |
5233 |
|
| Topical term or geographic name entry element |
Friendship |
| Form subdivision |
Fiction |
| 9 (RLIN) |
64919 |
|
| Topical term or geographic name entry element |
Farm life |
| Form subdivision |
Fiction |
| 9 (RLIN) |
5346 |
| 651 #0 - SUBJECT ADDED ENTRY--GEOGRAPHIC NAME |
| Geographic name |
Nebraska |
| Form subdivision |
Fiction |
| 9 (RLIN) |
153636 |
| 655 #7 - INDEX TERM--GENRE/FORM |
| Genre/form data or focus term |
Domestic fiction |
| Source of term |
lcgft |
| Authority record control number |
http://id.loc.gov/authorities/genreForms/gf2014026295 |
| 9 (RLIN) |
116540 |
| 700 1# - ADDED ENTRY--PERSONAL NAME |
| Personal name |
Benda, Wladyslaw T. |
| Fuller form of name |
(Wladyslaw Theodore), |
| Dates associated with a name |
1873-1948 |
| Relator term |
illustrator |
| Relator code |
ill |
| 9 (RLIN) |
153637 |
| 942 ## - ADDED ENTRY ELEMENTS (KOHA) |
| Source of classification or shelving scheme |
Library of Congress Classification |
| Koha item type |
Book |